<?xml version="1.0" encoding="UTF-8"?>
<record
    xmlns:xsi="http://www.w3.org/2001/XMLSchema-instance"
    xsi:schemaLocation="http://www.loc.gov/MARC21/slim http://www.loc.gov/standards/marcxml/schema/MARC21slim.xsd"
    xmlns="http://www.loc.gov/MARC21/slim">

  <leader>01271    a2200229   4500</leader>
  <controlfield tag="003">Nust</controlfield>
  <controlfield tag="005">20230525114629.0</controlfield>
  <datafield tag="020" ind1=" " ind2=" ">
    <subfield code="a">0021246300</subfield>
  </datafield>
  <datafield tag="022" ind1=" " ind2=" ">
    <subfield code="a">0021247706</subfield>
  </datafield>
  <datafield tag="040" ind1=" " ind2=" ">
    <subfield code="c">Nust</subfield>
  </datafield>
  <datafield tag="082" ind1=" " ind2=" ">
    <subfield code="a">823, ANA</subfield>
  </datafield>
  <datafield tag="100" ind1=" " ind2=" ">
    <subfield code="a">Anastasio, Daina</subfield>
    <subfield code="9">112583</subfield>
  </datafield>
  <datafield tag="245" ind1=" " ind2=" ">
    <subfield code="a">Awakening ,  Journeys, Dialogues</subfield>
    <subfield code="c">Dina Anastasio , Warren Halliburton , Laurence Swinburne &amp; Alam Whitney</subfield>
    <subfield code="h">Senior authors Carl B. Smith, Ronald Wardhaugh , Literature Consultant[etc]</subfield>
  </datafield>
  <datafield tag="250" ind1=" " ind2=" ">
    <subfield code="a">Three-in-one-edition</subfield>
  </datafield>
  <datafield tag="260" ind1=" " ind2=" ">
    <subfield code="a">Macmillan Publishing Co.,Inc</subfield>
    <subfield code="b">New York</subfield>
    <subfield code="c">1975</subfield>
  </datafield>
  <datafield tag="300" ind1=" " ind2=" ">
    <subfield code="a">96, p.;</subfield>
    <subfield code="b">illus</subfield>
    <subfield code="c">digras</subfield>
    <subfield code="e">24 cm</subfield>
  </datafield>
  <datafield tag="490" ind1=" " ind2=" ">
    <subfield code="v">Levels 31,32,33</subfield>
  </datafield>
  <datafield tag="505" ind1=" " ind2=" ">
    <subfield code="a">Dear Reader (Page-6), A Lesson In Reading (Page-8), Name Form Literature(Page-17), A Debt To Dickens (Page-18), Nantucket (Page-26), An Extra Indian (Page-32),Vincent The Good And The Electric Train (Page-42), Waulewa Eagle (Page-52), General And Specific Words (Page-59), Some Who Flew (Page-60), Beach Fire (Page-62), New Expression Using Verbs (Page-63), The Cheetah Remembers (Page-64), Excuse Us (Page-75), My Childhood (Page-76),More Than One Way (Page-83), Mowkoom And Bundar (Page-84), Dreams (Page-90), I Dream A World (Page-92).</subfield>
  </datafield>
  <datafield tag="600" ind1=" " ind2=" ">
    <subfield code="a">Anastasio, Daina</subfield>
    <subfield code="9">112583</subfield>
  </datafield>
  <datafield tag="650" ind1=" " ind2=" ">
    <subfield code="a">Stories</subfield>
    <subfield code="9">107557</subfield>
  </datafield>
  <datafield tag="942" ind1=" " ind2=" ">
    <subfield code="2">ddc</subfield>
    <subfield code="c">BK</subfield>
  </datafield>
  <datafield tag="999" ind1=" " ind2=" ">
    <subfield code="c">186764</subfield>
    <subfield code="d">186764</subfield>
  </datafield>
  <datafield tag="952" ind1=" " ind2=" ">
    <subfield code="0">0</subfield>
    <subfield code="1">0</subfield>
    <subfield code="2">ddc</subfield>
    <subfield code="4">0</subfield>
    <subfield code="7">0</subfield>
    <subfield code="a">MCS</subfield>
    <subfield code="b">MCS</subfield>
    <subfield code="c">FIC</subfield>
    <subfield code="d">2016-12-12</subfield>
    <subfield code="o">823,ANA</subfield>
    <subfield code="p">MCS5934</subfield>
    <subfield code="r">2016-12-08</subfield>
    <subfield code="w">2016-12-12</subfield>
    <subfield code="y">BK</subfield>
    <subfield code="z">Almirah No.57, Shelf No.5</subfield>
  </datafield>
</record>
